|
|
|
|
| LEADER |
01094njm a2200277 a 4500 |
| 001 |
000476355 |
| 003 |
CZ BrMZK |
| 005 |
20210503110637.0 |
| 008 |
000105s1951 xr f und d |
| 028 |
0 |
3 |
|a DV 5163
|b Supraphon
|
| 040 |
|
|
|a BOA001
|b cze
|
| 080 |
|
|
|a 78.082.1"18"(086.7)
|2 MRF
|
| 100 |
1 |
|
|a Glazunov, Aleksandr Konstantinovič,
|d 1865-1936
|7 jn19992000236
|4 cmp
|
| 245 |
1 |
0 |
|a Symfonie č. 6 c-moll, op. 58
|h [zvukový záznam] /
|c Alexandr Konstantinovič Glazunov.
|
| 260 |
|
|
|a Praha :
|b Supraphon,
|c [1951]
|
| 300 |
|
|
|a 1 LP deska :
|b 33 ot/min, stereo
|
| 500 |
|
|
|a Durata neuv
|
| 500 |
|
|
|a Nahr. neuv
|
| 511 |
0 |
|
|a Státní symfonický orchestr SSSR, dir. Konstantin Konstantinovič Ivanov.
|
| 653 |
0 |
|
|a symfonický orchestr
|a symfonie
|
| 700 |
1 |
|
|a Ivanov, Konstantin Konstantinovič,
|d 1907-1984
|7 jx20050307006
|4 cnd
|
| 710 |
2 |
|
|a Gosudarstvennyj simfoničeskij orkestr SSSR
|7 ko2007416639
|
| 910 |
|
|
|a BOA001
|b LP-0008.590
|
| 964 |
|
|
|a Symfonie
|z stol.19.
|x CD
|
| 990 |
|
|
|a AV
|
| 996 |
6 |
|
|b 261H009277
|c LP-0008.590
|l MZK
|r Sklad / do 24 hodin
|n 0
|p kup
|w 000476355
|u 000010
|a 1
|e BOA001
|j MZK50
|s P
|